| 000 | 00683nam a2200193 4500 | ||
|---|---|---|---|
| 003 | CO-ViMGA | ||
| 020 | _a958-648-347-9 | ||
| 040 |
_aCO-ViMGA _bspa _cCO-ViMGA |
||
| 082 | 0 | 4 |
_a613.0432 _bH27c |
| 100 | 1 |
_aHernández Sepúlveda, Edwin Harold _99628 |
|
| 245 | 1 | 0 |
_aControl de crecimiento y desarrollo del niño sano : _bguía para el acompañamiento de los padres / _c Edwin Harold Hernández Sepulveda. |
| 250 | _a1a. ed. | ||
| 260 |
_aBogotá : _bEcoe Ediciones, _c2003. |
||
| 300 |
_a122 p. ; _b 21 cm. |
||
| 490 | _a(Colección: Interés general. Area: Ciencias de la salud) | ||
| 650 | 1 | 4 |
_aDesarrollo infantil _9793 |
| 650 | 1 | 4 |
_aNiños _xCrecimiento _99629 |
| 942 |
_2ddc _cBK |
||
| 999 |
_c37988 _d37988 |
||